| 000 | 01014cab a22002055a 4500 | ||
|---|---|---|---|
| 001 | L152456 | ||
| 008 | 110309e20110219xxk 000 0 eng d | ||
| 035 | _a(Sirsi) u152456 | ||
| 041 | 0 | _aeng | |
| 100 | 1 | _aPeet, Jane | |
| 245 | 0 | 0 | _aHome truths |
| 490 |
_aEstates Gazette _v(1107) 19 February 2011, 92-93(2) |
||
| 520 | _aAnalysis of the changes made to the Leasehold Reform Act 1967 including the changes made by the Commonhold and Leasehold Reform Act 2002. Argues for reform in this area with possible change coming from amendments to the 1967 Act to close a loophole that has arisen from the abolition of the residency test. Notes that the Court of Appeal's verdict in 'Prospect Estates Limited v Grosvenor Estates Ltd' would be a useful starting point for a new approach to determining the issue. | ||
| 590 | _aKA | ||
| 650 | 2 | 4 | _aGROSVENOR ESTATES LTD V PROSPECT ESTATES LTD |
| 651 | 4 |
_aEngland and Wales _y1543- |
|
| 690 |
_aLandlord and tenant _96252 |
||
| 700 | 1 | _aCallaghan, Michael | |
| 942 | _n0 | ||
| 999 |
_c82973 _d82973 |
||